Call Me What You Want (Lovejoy)(Lyrics) - Statistics

General Stats
  • This quiz has been taken 511 times
  • The average score is 357 of 448
Answer Stats
Answer % Correct
a
97%
I
97%
you
97%
You
97%
me
96%
me,
96%
me!
96%
the
96%
The
96%
can
94%
to
94%
go
93%
if
93%
No,
93%
No
93%
No.
93%
And
92%
and
92%
it
92%
of
92%
Of
92%
what
92%
when
92%
be
91%
in
91%
in:
91%
my
91%
not
91%
Not
91%
call
90%
I'm
90%
kiss
90%
on
90%
On
90%
too
90%
as
89%
As
89%
feel
89%
for
89%
good
89%
like
89%
lips
89%
skin
89%
that
89%
makes
87%
sure
87%
want
86%
guy
85%
need
85%
taste
85%
long
84%
am
83%
head
83%
She
83%
she
83%
beer
82%
every
82%
never
82%
do?
81%
talks
81%
can't
80%
fan
80%
forever
80%
From
80%
from
80%
internet
80%
new
80%
was
80%
We
80%
we
80%
your
80%
But
79%
hate
79%
awake
78%
both
78%
Both
78%
own
78%
safe
78%
stay
78%
her
77%
see
77%
felt
76%
news
75%
Just
73%
just
73%
with
71%
think
69%
God
68%
only
68%
took
67%
ask
66%
bored
66%
confused
66%
far
66%
goes
66%
she's
66%
tonight
66%
bedroom
65%
could
65%
grace
65%
yet
65%
fucking
64%
she'll
64%
Wonder
64%
dumbass
63%
total
63%
Darling,
62%
blinds
61%
Fighting
61%
pink
61%
Smiling
61%
is
60%
Is
60%
mum's
60%
myself
60%
So
60%
roller
59%
It's
58%
it's
58%
I've
58%
come
57%
find
57%
This
57%
per
54%
pay
52%
There
52%
view
52%
conclusion
51%
bets
48%
place
48%
who's
48%
I'll
47%
life
47%
constant
46%
lost
46%
rest
46%
state
46%
their
46%
uncomfortable
46%
paranoia
45%
else
44%
take
44%
doorframe
43%
let
43%
bang
42%
doorway
42%
follow
42%
found
41%
know
41%
made
41%
really
41%
us
41%
parking
40%
spaces
40%
duvet
39%
nothing
39%
paranoid
39%
proceed
39%
hope
38%
minds
38%
realist.
38%
set
38%
spending
38%
through
38%
you're
38%
kill
37%
road
37%
rows
37%
tempting
37%
under
36%
very
36%
gonna
35%
happiness
35%
perfect
35%
pitch
35%
suitable
35%
tells
35%
time
35%
Oh,
34%
pirouette
34%
paved
33%
sigh
31%
Lord
22%
No matching quizzes found
Score Distribution
Percent of People with Each Score
Percentile by Number Answered
Your Score History
You have not taken this quiz